[Event "Campalto CIS 54th Serie C12"]
[Site "Campalto"]
[Date "2023.05.20"]
[Round "2.1"]
[White "Sponchiado, Dario"]
[Black "Pernigo, Leonardo"]
[Result "0-1"]
[WhiteElo "2034"]
[BlackElo "1765"]
[PlyCount "110"]
[EventDate "2023.05.19"]
[EventType "team-tourn"]
[EventRounds "5"]
[EventCountry "ITA"]
[SourceTitle "EXT 2024"]
[Source "ChessBase"]
[SourceDate "2023.10.10"]
[SourceVersion "1"]
[SourceVersionDate "2023.10.10"]
[SourceQuality "1"]
[WhiteTeam "Mestre Capa Boys II"]
[BlackTeam "Valpolicella Monday"]
[WhiteTeamCountry "ITA"]
[BlackTeamCountry "ITA"]

1. Nf3 Nf6 2. g3 g6 3. Bg2 Bg7 4. 0-0 0-0 5. c4 d6 6. Nc3 Nc6 7. d3 e5 8. a3 a5 9. Rb1 Nd7 10. b4 axb4 11. axb4 Ne7 12. Qb3 h6 13. Rd1 Kh7 14. d4 f5 15. dxe5 dxe5 16. Bb2 c6 17. Na4 Qc7 18. b5 b6 19. bxc6 Nxc6 20. Ba3 Rf6 21. Rbc1 e4 22. Nd4 Nxd4 23. Rxd4 Rc6 24. Rd2 Qa7 25. Rcd1 Qxa4 26. Qxa4 Rxa4 27. Be7 Raxc4 28. f3 e3 29. Rd3 Rc1 30. f4 Rxd1+ 31. Rxd1 Re6 32. Bb4 Nc5 33. Rd8 Ba6 34. Bd5 Rf6 35. Bg8+ Kh8 36. Bc4+ Rf8 37. Rxf8+ Bxf8 38. Bxc5 Bxc4 39. Bxf8 Bxe2 40. Bxh6 Kg8 41. Bg5 Bg4 42. Bd8 b5 43. Bb6 e2 44. Kf2 Kf7 45. h3 Bh5 46. Ba5 Ke6 47. Ke3 Kd5 48. Kd3 Kc5 49. Be1 b4 50. Bd2 Kb5 51. Be1 Bf3 52. Ke3 Kc4 53. Kd2 Kb3 54. Kd3 Ka3 55. Kc2 b3+ 0-1

[Event "Mestre CIS 53rd"]
[Site "Mestre"]
[Date "2021.09.17"]
[Round "3.1"]
[White "Bettera, Roberto"]
[Black "Sponchiado, Dario"]
[Result "1-0"]
[WhiteElo "1949"]
[BlackElo "2052"]
[PlyCount "67"]
[EventDate "2021.09.17"]
[EventType "team-swiss"]
[EventRounds "6"]
[EventCountry "ITA"]
[SourceTitle "EXT 2023"]
[Source "ChessBase"]
[SourceDate "2022.10.05"]
[SourceVersion "1"]
[SourceVersionDate "2022.10.05"]
[SourceQuality "1"]
[WhiteTeam "Venezia Canal C"]
[BlackTeam "Mestre Capa Boys II"]
[WhiteTeamCountry "ITA"]
[BlackTeamCountry "ITA"]

1. d4 Nf6 2. c4 g6 3. Nc3 Bg7 4. e4 0-0 5. Nf3 d6 6. Be2 Nc6 7. d5 Nb8 8. Be3 e5 9. Nd2 Na6 10. 0-0 Nd7 11. a3 f5 12. f3 Nf6 13. Bg5 h6 14. Bh4 g5 15. Bf2 f4 16. b4 h5 17. Rc1 Qe8 18. c5 g4 19. Nc4 g3 20. hxg3 fxg3 21. Bxg3 Qg6 22. Qe1 Bh6 23. Rc2 b5 24. cxb6 axb6 25. Bd3 Kh8 26. Kh1 Rg8 27. Bh2 Bd7 28. Ne3 Qg5 29. f4 exf4 30. Bxf4 Qg7 31. Qh4 Ng4 32. Qxh5 Raf8 33. Nxg4 Rxf4 34. Rxf4 1-0

[Event "Chioggia op-A 13th"]
[Site "Chioggia"]
[Date "2018.09.29"]
[Round "3"]
[White "Bacchini, Stefano"]
[Black "Sponchiado, Dario"]
[Result "1/2-1/2"]
[WhiteElo "1983"]
[BlackElo "2058"]
[PlyCount "75"]
[EventDate "2018.09.28"]
[EventType "swiss"]
[EventRounds "5"]
[EventCountry "ITA"]
[SourceTitle "EXT 2022"]
[Source "ChessBase"]
[SourceDate "2021.10.06"]
[SourceVersion "1"]
[SourceVersionDate "2021.10.06"]
[SourceQuality "1"]

1. f4 d5 2. Nf3 g6 3. e3 Bg7 4. Be2 c5 5. d3 Nc6 6. 0-0 Nf6 7. Nc3 0-0 8. Ne5 Qc7 9. Nxc6 bxc6 10. Bf3 e5 11. e4 dxe4 12. Bxe4 Nxe4 13. Nxe4 f5 14. Ng5 h6 15. Nh3 e4 16. c3 Ba6 17. Be3 Bxd3 18. Bxc5 Bxf1 19. Bxf8 Bxf8 20. Kxf1 Bc5 21. Qe2 Kg7 22. Rd1 Rd8 23. Rd2 Rd5 24. c4 Rd6 25. Qd1 Rxd2 26. Qxd2 Qd6 27. Qxd6 Bxd6 28. g3 Bc5 29. Nf2 Bxf2 30. Kxf2 c5 31. h4 Kf6 32. Ke3 Ke6 33. a3 Kd6 34. Kd2 Kc6 35. Ke2 Kb6 36. Kd2 Ka5 37. b3 Kb6 38. Ke2 1/2-1/2

[Event "Chioggia op-A 13th"]
[Site "Chioggia"]
[Date "2018.09.29"]
[Round "2"]
[White "Zarpellon, Daniele"]
[Black "Sponchiado, Dario"]
[Result "1-0"]
[WhiteElo "1903"]
[BlackElo "2058"]
[PlyCount "49"]
[EventDate "2018.09.28"]
[EventType "swiss"]
[EventRounds "5"]
[EventCountry "ITA"]
[SourceTitle "EXT 2022"]
[Source "ChessBase"]
[SourceDate "2021.10.06"]
[SourceVersion "1"]
[SourceVersionDate "2021.10.06"]
[SourceQuality "1"]

1. Nf3 Nf6 2. b3 g6 3. Bb2 Bg7 4. g3 0-0 5. Bg2 d6 6. 0-0 e5 7. d3 c6 8. e4 a5 9. a4 Re8 10. Nbd2 Qc7 11. Nc4 Nbd7 12. Re1 b5 13. Ne3 bxa4 14. bxa4 d5 15. Nd2 Bb7 16. Ba3 Nb6 17. c3 Rad8 18. Qc2 Ba6 19. Bf1 c5 20. c4 dxe4 21. dxe4 Qc6 22. Bb2 Nxa4 23. Nd5 Nxb2 24. Qxb2 Rb8 25. Qxb8 1-0

[Event "Lignano Sabbiadoro op 4th"]
[Site "Lignano Sabbiadoro"]
[Date "2018.08.04"]
[Round "8"]
[White "Mufic, Goran"]
[Black "Sponchiado, Dario"]
[Result "1/2-1/2"]
[WhiteElo "2299"]
[BlackElo "2059"]
[PlyCount "46"]
[EventDate "2018.07.29"]
[EventType "swiss"]
[EventRounds "9"]
[EventCountry "ITA"]
[SourceTitle "CBM 185 Extra"]
[Source "ChessBase"]
[SourceDate "2018.07.29"]
[SourceVersion "1"]
[SourceVersionDate "2018.07.29"]
[SourceQuality "1"]

1. e4 e6 2. Nc3 d5 3. Nf3 Nf6 4. e5 Nfd7 5. d4 a6 6. Bd3 c5 7. dxc5 Nxc5 8. 0-0 Nc6 9. Re1 Be7 10. a3 0-0 11. Bf4 f5 12. exf6 Bxf6 13. Qd2 b5 14. Ne5 Nxe5 15. Bxe5 Bb7 16. Bg3 Qb6 17. Rad1 Rad8 18. Kh1 b4 19. axb4 Ne4 20. Bxe4 dxe4 21. Qe2 Qxb4 22. h4 Bxc3 23. bxc3 Qxc3 1/2-1/2

[Event "Chioggia op-A 12th"]
[Site "Chioggia"]
[Date "2017.10.06"]
[Round "1"]
[White "Loiacono, Leonardo"]
[Black "Sponchiado, Dario"]
[Result "1/2-1/2"]
[WhiteElo "2187"]
[BlackElo "1960"]
[PlyCount "117"]
[EventDate "2017.10.06"]
[EventType "swiss"]
[EventRounds "5"]
[EventCountry "ITA"]
[SourceTitle "EXT 2022"]
[Source "ChessBase"]
[SourceDate "2021.10.06"]
[SourceVersion "1"]
[SourceVersionDate "2021.10.06"]
[SourceQuality "1"]

1. d4 d6 2. c4 g6 3. Nc3 Bg7 4. e4 Nf6 5. Nf3 0-0 6. Be2 Nc6 7. 0-0 e5 8. d5 Ne7 9. b4 Nh5 10. Re1 Nf4 11. Bxf4 exf4 12. Rc1 a5 13. a3 axb4 14. axb4 c6 15. Qd2 Qb6 16. Nb1 cxd5 17. exd5 Ra4 18. b5 Nf5 19. Nc3 Ra3 20. Ne4 Re8 21. Bd3 Bd7 22. Rcd1 Nd4 23. Nxd4 Qxd4 24. Qc2 Rxd3 25. Qxd3 Qxd3 26. Rxd3 f5 27. Nf6+ Bxf6 28. Rxe8+ Bxe8 29. Ra3 Bd4 30. Ra8 Kf8 31. Rb8 b6 32. Kf1 h6 33. Ke2 Ke7 34. f3 Bf7 35. Kd3 Bc5 36. Rh8 h5 37. Rb8 g5 38. Ra8 h4 39. h3 Kf6 40. Rf8 Kg7 41. Rc8 Kf6 42. Rf8 Kg7 43. Rc8 Bh5 44. Rc7+ Kf6 45. Rh7 Bg6 46. Rh8 Bf7 47. Rc8 Bg6 48. Rf8+ Bf7 49. Rc8 Bg6 50. Rf8+ Kg7 51. Rc8 Bh5 52. Rc7+ Kg6 53. Rc8 g4 54. Ke2 Kg7 55. Rb8 Bg6 56. Kd3 gxf3 57. gxf3 Bh5 58. Ke2 Bf7 59. Kd3 1/2-1/2

[Event "Lignano Sabbiadoro op 3rd"]
[Site "Lignano Sabbiadoro"]
[Date "2017.08.06"]
[Round "9"]
[White "Bardone, Lorenzo"]
[Black "Sponchiado, Dario"]
[Result "1-0"]
[WhiteElo "2155"]
[BlackElo "1934"]
[PlyCount "57"]
[EventDate "2017.07.30"]
[EventType "swiss"]
[EventRounds "9"]
[EventCountry "ITA"]
[SourceTitle "CBM 179 Extra"]
[Source "ChessBase"]
[SourceDate "2017.08.23"]
[SourceVersion "1"]
[SourceVersionDate "2017.08.23"]
[SourceQuality "1"]

1. Nf3 Nf6 2. c4 e6 3. g3 d5 4. Bg2 c6 5. d4 dxc4 6. 0-0 Be7 7. a4 0-0 8. Qc2 Na6 9. Qxc4 Bd7 10. Ne5 Ne8 11. Bd2 Nd6 12. Qc2 Be8 13. Nd3 Qb6 14. e3 Rc8 15. b4 f6 16. Qc3 Bf7 17. Na3 Qc7 18. Rfc1 Rfd8 19. Nc5 Nxc5 20. bxc5 Nf5 21. Nc4 e5 22. dxe5 fxe5 23. Nxe5 Bf6 24. f4 Re8 25. e4 Nh6 26. Bh3 Rcd8 27. Rd1 Rxe5 28. fxe5 Bxe5 29. Bf4 1-0

[Event "Lignano Sabbiadoro op 3rd"]
[Site "Lignano Sabbiadoro"]
[Date "2017.08.03"]
[Round "6"]
[White "Sponchiado, Dario"]
[Black "Monda, Laszlo"]
[Result "0-1"]
[WhiteElo "1934"]
[BlackElo "2086"]
[PlyCount "105"]
[EventDate "2017.07.30"]
[EventType "swiss"]
[EventRounds "9"]
[EventCountry "ITA"]
[SourceTitle "CBM 179 Extra"]
[Source "ChessBase"]
[SourceDate "2017.08.23"]
[SourceVersion "1"]
[SourceVersionDate "2017.08.23"]
[SourceQuality "1"]

1. Nf3 d5 2. c4 c6 3. g3 Bf5 4. Bg2 e6 5. 0-0 h6 6. cxd5 exd5 7. d3 Nf6 8. Nbd2 Be7 9. Re1 0-0 10. Qb3 Qb6 11. e4 dxe4 12. dxe4 Be6 13. Qc2 Na6 14. a3 Ng4 15. Nf1 Bc5 16. Ne3 Bb3 17. Qc3 Nxe3 18. Bxe3 Bxe3 19. Rxe3 Be6 20. Nd4 Bd7 21. b4 Rad8 22. Rae1 c5 23. Nc2 cxb4 24. Nxb4 Nxb4 25. Qxb4 Qxb4 26. axb4 Bc6 27. Bf1 a6 28. Rb1 Rfe8 29. b5 axb5 30. Bxb5 Rxe4 31. Bxc6 Rxe3 32. Rxb7 Re1+ 33. Kg2 Rc1 34. Be4 g6 35. h4 Rd6 36. h5 gxh5 37. Rb5 Rc4 38. f3 Rd2+ 39. Kh3 Rc1 40. Rxh5 Rh1+ 41. Kg4 Rxh5 42. Kxh5 Rg2 43. Kh4 Rh2+ 44. Kg4 Kg7 45. Kf4 h5 46. Bf5 Kf6 47. Be4 Rb2 48. Bf5 Rb5 49. Bd3 Rb4+ 50. Be4 Ra4 51. g4 Ke6 52. Kg3 hxg4 53. Kf4 0-1

[Event "Lignano Sabbiadoro op 3rd"]
[Site "Lignano Sabbiadoro"]
[Date "2017.08.01"]
[Round "4"]
[White "Sponchiado, Dario"]
[Black "Zuttioni, Federico"]
[Result "1-0"]
[WhiteElo "1934"]
[BlackElo "2177"]
[PlyCount "101"]
[EventDate "2017.07.30"]
[EventType "swiss"]
[EventRounds "9"]
[EventCountry "ITA"]
[SourceTitle "CBM 179 Extra"]
[Source "ChessBase"]
[SourceDate "2017.08.23"]
[SourceVersion "1"]
[SourceVersionDate "2017.08.23"]
[SourceQuality "1"]

1. Nf3 Nf6 2. g3 g6 3. Bg2 Bg7 4. 0-0 0-0 5. c4 d6 6. d3 Nc6 7. a3 Bf5 8. Qc2 Qd7 9. Re1 e5 10. Nbd2 a5 11. Rb1 a4 12. b4 axb3 13. Nxb3 Rfe8 14. Bb2 e4 15. Ng5 exd3 16. exd3 Rxe1+ 17. Rxe1 Re8 18. Rxe8+ Qxe8 19. Nf3 b6 20. h3 h5 21. Nh4 Bd7 22. d4 Ne7 23. Nd2 Nf5 24. Nhf3 Bc6 25. d5 Ba4 26. Qb1 Qe7 27. Qa1 Bc2 28. Ne1 Ba4 29. Bf3 Nd7 30. Bxg7 Nxg7 31. Nd3 Nf6 32. Qc3 Bd7 33. Bg2 Bf5 34. Nf3 Bxd3 35. Qxd3 Nf5 36. Kh2 Nd7 37. Qc2 Qf6 38. Qa4 Nc5 39. Qe8+ Kg7 40. h4 Nd3 41. Qe2 Ne5 42. Nd2 Nd4 43. Qf1 Qf5 44. Be4 Ng4+ 45. Kg2 Qf6 46. Bf3 Ne5 47. Be4 Ng4 48. Bf3 Qf5 49. Be4 Qe5 50. Qd3 Nf6 51. f4 1-0

[Event "Mestre Cipressina op-A 4th"]
[Site "Mestre"]
[Date "2015.11.29"]
[Round "4"]
[White "Drezzadore, Dario"]
[Black "Sponchiado, Dario"]
[Result "1-0"]
[WhiteElo "2085"]
[BlackElo "1829"]
[PlyCount "70"]
[EventDate "2015.11.27"]
[EventType "swiss"]
[EventRounds "5"]
[EventCountry "ITA"]
[SourceTitle "EXT 2022"]
[Source "ChessBase"]
[SourceDate "2021.10.06"]
[SourceVersion "1"]
[SourceVersionDate "2021.10.06"]
[SourceQuality "1"]

1. e4 e6 2. Nc3 d5 3. f4 Nf6 4. e5 Nfd7 5. Nf3 c5 6. g3 b6 7. Bg2 Bb7 8. Qe2 Ba6 9. d3 g6 10. 0-0 Nc6 11. f5 gxf5 12. Nxd5 exd5 13. e6 Qe7 14. exd7+ Kxd7 15. Qf2 Bg7 16. Bg5 f6 17. Rae1 Qf7 18. Bf4 Rae8 19. Nh4 Ne7 20. Be3 d4 21. Bxd4 cxd4 22. Qxd4+ Kc7 23. Qf4+ Kd7 24. Qa4+ Kd8 25. Qxa6 Nc8 26. Nxf5 Rxe1 27. Rxe1 Bf8 28. Qb5 Nd6 29. Qc6 Qd7 30. Qa8+ Nc8 31. Qf3 Bc5+ 32. d4 Bxd4+ 33. Kh1 Kc7 34. Qb7+ Kd8 35. Qxd7+ Kxd7 1-0

[Event "Mestre Cipressina op-A 4th"]
[Site "Mestre"]
[Date "2015.11.28"]
[Round "1"]
[White "Sponchiado, Dario"]
[Black "Mileto, Gabriele"]
[Result "1/2-1/2"]
[WhiteElo "1829"]
[BlackElo "2150"]
[PlyCount "77"]
[EventDate "2015.11.27"]
[EventType "swiss"]
[EventRounds "5"]
[EventCountry "ITA"]
[SourceTitle "EXT 2022"]
[Source "ChessBase"]
[SourceDate "2021.10.06"]
[SourceVersion "1"]
[SourceVersionDate "2021.10.06"]
[SourceQuality "1"]

1. c4 g6 2. g3 Bg7 3. Bg2 d6 4. Nc3 Nf6 5. d3 0-0 6. Nf3 e5 7. 0-0 Nc6 8. Rb1 a5 9. a3 Nd4 10. Nxd4 exd4 11. Nb5 Nd7 12. b4 axb4 13. axb4 Nb6 14. e3 Na4 15. Qc2 Nc3 16. Nxc3 dxc3 17. d4 c5 18. Qxc3 Qb6 19. dxc5 dxc5 20. Qb3 Bf5 21. e4 Be6 22. Bb2 Qxb4 23. Qxb4 cxb4 24. Bxg7 Kxg7 25. Rxb4 Rfc8 26. Rc1 Rc5 27. Bf1 Rac8 28. Rxb7 Bxc4 29. Bxc4 Rxc4 30. Rxc4 Rxc4 31. f3 Rc2 32. e5 Kf8 33. f4 h5 34. Rb3 Ke7 35. Rf3 f6 36. exf6+ Kxf6 37. Rf2 Rc5 38. Kg2 Kf5 39. Kh3 1/2-1/2

[Event "ITA-ch U16"]
[Site "Montesilvano"]
[Date "2015.07.05"]
[Round "9"]
[White "Yao, Stefano"]
[Black "Sponchiado, Dario"]
[Result "1-0"]
[WhiteElo "2252"]
[BlackElo "1913"]
[PlyCount "35"]
[EventDate "2015.06.29"]
[EventType "swiss"]
[EventRounds "9"]
[EventCountry "ITA"]
[SourceTitle "EXT 2024"]
[Source "ChessBase"]
[SourceDate "2023.10.10"]
[SourceVersion "1"]
[SourceVersionDate "2023.10.10"]
[SourceQuality "1"]

1. d4 e6 2. Nf3 d5 3. c4 c6 4. Nbd2 f5 5. g3 Nf6 6. Bg2 Bd6 7. 0-0 0-0 8. b3 Nbd7 9. Bb2 Ne4 10. Ne1 Qe7 11. Nd3 Ndf6 12. Nf3 g5 13. Nfe5 Nd7 14. f3 Nxe5 15. dxe5 Bc5+ 16. Kh1 Rd8 17. Qc2 dxc4 18. bxc4 1-0

[Event "Mogliano Veneto op-C 34th"]
[Site "Mogliano Veneto"]
[Date "2013.04.28"]
[Round "5"]
[White "Sponchiado, Dario"]
[Black "Serradura, Gianluca"]
[Result "1/2-1/2"]
[WhiteElo "1434"]
[BlackElo "1551"]
[PlyCount "27"]
[EventDate "2013.04.25"]
[EventType "swiss"]
[EventRounds "6"]
[EventCountry "ITA"]
[SourceTitle "EXT 2024"]
[Source "ChessBase"]
[SourceDate "2023.10.10"]
[SourceVersion "1"]
[SourceVersionDate "2023.10.10"]
[SourceQuality "1"]

1. d4 d6 2. c4 e5 3. dxe5 dxe5 4. Qxd8+ Kxd8 5. Nf3 f6 6. g3 c6 7. Bg2 Be6 8. b3 Nd7 9. Bb2 a5 10. Nc3 Kc7 11. Rc1 Bc5 12. 0-0 g5 13. Ne4 Be7 14. Rfd1 1/2-1/2

[Event "Mogliano Veneto op-C 34th"]
[Site "Mogliano Veneto"]
[Date "2013.04.28"]
[Round "6"]
[White "Vastano, Ciro"]
[Black "Sponchiado, Dario"]
[Result "0-1"]
[WhiteElo "1610"]
[BlackElo "1434"]
[PlyCount "113"]
[EventDate "2013.04.25"]
[EventType "swiss"]
[EventRounds "6"]
[EventCountry "ITA"]
[SourceTitle "EXT 2024"]
[Source "ChessBase"]
[SourceDate "2023.10.10"]
[SourceVersion "1"]
[SourceVersionDate "2023.10.10"]
[SourceQuality "1"]

1. e4 e5 2. d4 exd4 3. c3 dxc3 4. Bc4 Bb4 5. bxc3 Ba5 6. Nf3 Nf6 7. e5 Ne4 8. Qd5 0-0 9. Qxe4 c6 10. Bd3 g6 11. 0-0 Re8 12. Qf4 Bc7 13. Qh6 Bxe5 14. Ng5 Bg7 15. Qxh7+ Kf8 16. Nxf7 Qf6 17. Ba3+ Kxf7 18. Qh3 Rh8 19. Qg3 Bh6 20. f4 d5 21. f5 g5 22. Qc7+ Nd7 23. Bc5 Qe5 24. Qxe5 Nxe5 25. Bd4 Re8 26. Bc2 Ng4 27. Bd1 Nf6 28. Nd2 g4 29. Nb3 Be3+ 30. Bxe3 Rxe3 31. Rc1 Re5 32. Bc2 Ne4 33. Bd1 g3 34. Bh5+ Kf6 35. Bg6 Bxf5 36. Bxf5 Rxf5 37. Rxf5+ Kxf5 38. Rf1+ Ke5 39. Nd4 gxh2+ 40. Kxh2 Rh8+ 41. Kg1 Nxc3 42. Nf3+ Kd6 43. Ng5 Rg8 44. Nf3 c5 45. Nd2 Ne4 46. Nb3 b6 47. Rf7 a5 48. Rh7 Rf8 49. Rg7 a4 50. Nc1 b5 51. g4 c4 52. g5 d4 53. g6 d3 54. Nxd3 cxd3 55. Rf7 Rxf7 56. gxf7 Ke7 57. Kf1 0-1

[Event "Mogliano Veneto op-C 34th"]
[Site "Mogliano Veneto"]
[Date "2013.04.25"]
[Round "1"]
[White "Sponchiado, Dario"]
[Black "Viviani, Tommaso"]
[Result "1-0"]
[WhiteElo "1434"]
[BlackElo "1568"]
[PlyCount "65"]
[EventDate "2013.04.25"]
[EventType "swiss"]
[EventRounds "6"]
[EventCountry "ITA"]
[SourceTitle "EXT 2024"]
[Source "ChessBase"]
[SourceDate "2023.10.10"]
[SourceVersion "1"]
[SourceVersionDate "2023.10.10"]
[SourceQuality "1"]

1. d4 Nf6 2. c4 g6 3. Nc3 d5 4. Nf3 Bg7 5. g3 0-0 6. Bg2 c5 7. dxc5 Qa5 8. 0-0 dxc4 9. Qc2 Qxc5 10. Nd2 Bf5 11. Qa4 Nc6 12. Qxc4 Qd6 13. Nb5 Qd7 14. Nb3 a6 15. N5d4 Nxd4 16. Qxd4 Qb5 17. Qe3 e5 18. a4 Qc4 19. Na5 Qe6 20. Nxb7 Ng4 21. Qa3 Rac8 22. Nc5 Qc4 23. e4 Be6 24. Nxe6 fxe6 25. h3 Nf6 26. Re1 Qd4 27. Be3 Qd8 28. Bc5 Rf7 29. b4 Qd2 30. Rad1 Qc2 31. Rc1 Qd2 32. Red1 Qe2 33. Bf3 1-0